[Event "IV Open de Lisboa Xeque Mate ao Verão 20"]
[Site "Avenida Gomes Pereira 17 - Lis"]
[Date "2016.09.06"]
[Round "4.13"]
[White "Morais, Vitor Mestre"]
[Black "Antunes, Andre Rafael Maissa"]
[Result "1-0"]
[WhiteElo "1889"]
[BlackElo "1233"]
[PlyCount "95"]
[EventDate "2016.09.04"]

1. b3 d5 2. Bb2 Nc6 3. e3 e5 4. Bb5 d4 5. Nf3 Bd7 6. O-O Bd6 7. exd4 exd4 8.
Re1+ Nge7 9. Bxc6 Bxc6 10. Nxd4 O-O 11. Nxc6 Nxc6 12. Qg4 f6 13. d4 Qc8 14. Qf3
Qd7 15. a3 Rae8 16. Nd2 Nxd4 17. Bxd4 Bxh2+ 18. Kxh2 Qxd4 19. Nf1 Qh4+ 20. Kg1
Rd8 21. Rad1 Rxd1 22. Rxd1 Re8 23. Qxb7 Re2 24. Qc8+ Kf7 25. Qxc7+ Kg6 26. Qg3+
Qxg3 27. Nxg3 Rxc2 28. Rd7 Rc3 29. Rxa7 Rxb3 30. a4 Ra3 31. a5 Kh6 32. a6 g6
33. Ra8 f5 34. a7 Ra4 35. Ne2 Kg5 36. Nc3 Ra5 37. Nb5 Rxb5 38. Rb8 Re5 39. a8=Q
h5 40. f4+ Kxf4 41. Qf3+ Kg5 42. Qg3+ Kf6 43. Qc3 h4 44. Rb6+ Kg5 45. Qxe5 h3
46. Qg3+ Kh5 47. Qxg6+ Kh4 48. g3# 1-0

[Event "IV Open de Lisboa Xeque Mate ao Verão 20"]
[Site "Avenida Gomes Pereira 17 - Lis"]
[Date "2016.09.06"]
[Round "4.14"]
[White "Martins, Domingos António Mel"]
[Black "Antunes, Paulo Alexandre Gonc"]
[Result "0-1"]
[WhiteElo "1215"]
[BlackElo "1743"]
[PlyCount "78"]
[EventDate "2016.09.04"]

1. d4 e6 2. Nf3 d5 3. Bf4 c5 4. c3 Nc6 5. e3 Nf6 6. Bd3 c4 7. Bc2 b5 8. a3 a5
9. Nbd2 a4 10. Ne5 Bb7 11. Qf3 Be7 12. Bg3 Ra6 13. h4 Qa8 14. h5 h6 15. Bh4
Nxe5 16. dxe5 d4 17. e4 dxc3 18. bxc3 Nh7 19. Bxe7 Kxe7 20. Qg3 Ng5 21. Qh4 Kf8
22. O-O Qd8 23. Rad1 b4 24. cxb4 c3 25. Nc4 Nf3+ 26. gxf3 Qxh4 27. Rd8+ Qxd8
28. Nd6 Qg5+ 29. Kh2 Qxh5+ 30. Kg3 Qg5+ 31. Kh3 Qd2 32. Nxb7 Qxc2 33. Nc5 Qe2
34. Kg2 c2 35. Rc1 Rc6 36. Nxa4 Qd1 37. Rxd1 cxd1=Q 38. b5 Qxa4 39. bxc6 Qxc6
0-1

[Event "IV Open de Lisboa Xeque Mate ao Verão 20"]
[Site "Avenida Gomes Pereira 17 - Lis"]
[Date "2016.09.06"]
[Round "4.15"]
[White "Santos, Isabel Maria C Perei"]
[Black "Pitta, Afonso Gameiro Tosto"]
[Result "1-0"]
[WhiteElo "1599"]
[BlackElo "1047"]
[PlyCount "81"]
[EventDate "2016.09.04"]

1. d4 d5 2. Nf3 Nc6 3. c4 dxc4 4. e3 e6 5. Bxc4 Bb4+ 6. Nc3 Nf6 7. O-O O-O 8.
Qc2 Bxc3 9. bxc3 Re8 10. Rd1 Bd7 11. Rb1 b6 12. Bb5 a6 13. Bxc6 Bxc6 14. Ne5
Bb7 15. f3 Nd5 16. e4 f6 17. Nd3 Ne7 18. Be3 f5 19. Qb3 Nc8 20. exf5 Bd5 21. c4
Bc6 22. fxe6 Rxe6 23. Nf4 Re7 24. c5+ Kh8 25. d5 Bb7 26. c6 Bxc6 27. dxc6 Qe8
28. Nd5 Rf7 29. Bf4 Qf8 30. Nxc7 Rb8 31. Ne6 Qe7 32. Rd8+ Rf8 33. Rxf8+ Qxf8
34. Nxf8 Ra8 35. Qe6 Na7 36. Nd7 Rg8 37. Ne5 Rf8 38. Nf7+ Kg8 39. Nh6+ Kh8 40.
Qg8+ Rxg8 41. Nf7# 1-0

[Event "IV Open de Lisboa Xeque Mate ao Verão 20"]
[Site "Avenida Gomes Pereira 17 - Lis"]
[Date "2016.09.06"]
[Round "4.18"]
[White "Soares, Manuel A A L Brandao"]
[Black "Lages, Duarte Jorge Silva"]
[Result "1-0"]
[WhiteElo "1198"]
[BlackElo "1609"]
[PlyCount "93"]
[EventDate "2016.09.04"]

1. e4 c5 2. Nf3 e6 3. d4 cxd4 4. Nxd4 Nc6 5. Be3 Nf6 6. Nc3 Qc7 7. Bd3 a6 8. a3
b5 9. f3 Bb7 10. Qd2 Rc8 11. Nxc6 Bxc6 12. Qf2 d5 13. exd5 Nxd5 14. Nxd5 Bxd5
15. O-O Bd6 16. Qh4 Qd8 17. Qxd8+ Rxd8 18. a4 Bc4 19. Rfd1 Be5 20. Bxc4 Rxd1+
21. Rxd1 bxc4 22. b3 cxb3 23. cxb3 O-O 24. Bb6 Bf6 25. Bc5 Rc8 26. Be3 Rc3 27.
Rc1 Kf8 28. Rxc3 Bxc3 29. Bc5+ Ke8 30. b4 Kd7 31. b5 axb5 32. axb5 Kc7 33. Kf2
Ba5 34. Ke3 Bb6 35. Kd4 Kb7 36. Bxb6 Kxb6 37. Ke5 Kxb5 38. Kd6 Kc4 39. Ke7 e5
40. Kxf7 Kd4 41. Kxg7 e4 42. fxe4 Kxe4 43. Kxh7 Ke3 44. h4 Kf4 45. Kg6 Kg3 46.
h5 Kxg2 47. h6 1-0

[Event "IV Open de Lisboa Xeque Mate ao Verão 20"]
[Site "Avenida Gomes Pereira 17 - Lis"]
[Date "2016.09.07"]
[Round "5.1"]
[White "Santos, Antonio Pereira"]
[Black "Vlad-Ionut, Stegariu"]
[Result "1-0"]
[WhiteElo "2241"]
[BlackElo "2243"]
[PlyCount "81"]
[EventDate "2016.09.04"]

1. d4 e6 2. Nf3 Nf6 3. c4 b6 4. a3 Bb7 5. Nc3 d5 6. cxd5 Nxd5 7. Qc2 Be7 8. e4
Nxc3 9. bxc3 O-O 10. Bd3 c5 11. O-O Nc6 12. Bb2 Rc8 13. Qe2 Qc7 14. d5 exd5 15.
exd5 c4 16. Bf5 Na5 17. Bxc8 Bxc8 18. Rad1 Bf5 19. Rfe1 Bd6 20. Nd4 Bd3 21. Qf3
Bxh2+ 22. Kh1 Be5 23. Nb5 Qe7 24. Qh5 Qd7 25. Qxe5 Qxb5 26. Rxd3 Qxb2 27. Rg3
g6 28. Qf6 Nb7 29. Re7 Nc5 30. Rge3 Qb5 31. Rxa7 Nd3 32. d6 Qh5+ 33. Rh3 Qd5
34. Re7 Nc5 35. Qe5 Qd1+ 36. Kh2 Nd3 37. Qd4 Qa4 38. d7 Qa8 39. Rhe3 Qb8+ 40.
g3 Ne1 41. Rxe1 1-0

[Event "IV Open de Lisboa Xeque Mate ao Verão 20"]
[Site "Avenida Gomes Pereira 17 - Lis"]
[Date "2016.09.07"]
[Round "5.2"]
[White "Acsinte, Matei-Ionut"]
[Black "Dias, Ricardo Pedro Cruz"]
[Result "0-1"]
[WhiteElo "2331"]
[BlackElo "2069"]
[PlyCount "96"]
[EventDate "2016.09.04"]

1. e4 e5 2. Nf3 Nc6 3. Bc4 Bc5 4. O-O Nf6 5. d4 Bxd4 6. Nxd4 Nxd4 7. f4 d6 8.
fxe5 dxe5 9. Bg5 Ne6 10. Qxd8+ Kxd8 11. Bxf6+ gxf6 12. Nc3 c6 13. Rxf6 Ke7 14.
Raf1 Rf8 15. Rh6 b5 16. Bb3 Rh8 17. Rhf6 Rf8 18. Rh6 a5 19. Rxh7 a4 20. Bxe6
Bxe6 21. a3 Rad8 22. Rg7 Rd2 23. Rf2 Rfd8 24. Nd5+ Kf8 25. Rgxf7+ Bxf7 26. Rxd2
cxd5 27. exd5 Rxd5 28. Re2 Ke7 29. Kf2 Bh5 30. Re4 Rd2+ 31. Ke1 Rd1+ 32. Kf2
Kd6 33. g4 Bg6 34. Rb4 Kc5 35. c3 Bd3 36. h4 Bc4 37. h5 Rh1 38. Kg2 Rh4 39. Kg3
Rh1 40. Kg2 Bd5+ 41. Kg3 e4 42. Kf2 Rh4 43. Kg3 e3 44. Kxh4 e2 45. Kg5 e1=Q 46.
Rf4 Qe7+ 47. Kh6 Be4 48. Rf2 Kc4 0-1

[Event "IV Open de Lisboa Xeque Mate ao Verão 20"]
[Site "Avenida Gomes Pereira 17 - Lis"]
[Date "2016.09.07"]
[Round "5.3"]
[White "Pires, Emanuel Joao Robarts"]
[Black "Padeiro, Jose Joao Tato"]
[Result "1/2-1/2"]
[WhiteElo "2081"]
[BlackElo "2312"]
[PlyCount "116"]
[EventDate "2016.09.04"]

1. e4 c5 2. d4 cxd4 3. c3 Nf6 4. e5 Nd5 5. Nf3 e6 6. cxd4 d6 7. Bc4 Nb6 8. Bd3
Bd7 9. O-O Bc6 10. Nc3 N8d7 11. Re1 dxe5 12. Nxe5 Nxe5 13. dxe5 Nd5 14. Nxd5
Qxd5 15. Be4 Qxd1 16. Bxc6+ bxc6 17. Rxd1 Bc5 18. Bg5 h6 19. Bf4 g5 20. Rac1
Bb6 21. Bd2 Rc8 22. Bb4 c5 23. Bd2 O-O 24. h4 gxh4 25. Bxh6 Rfd8 26. Bg5 Rd5
27. Bf6 c4 28. Re1 Rd4 29. Kh2 Rf4 30. f3 Bd8 31. Bxd8 Rxd8 32. Rc2 Rdd4 33.
Kh3 Kg7 34. Re3 a5 35. Ra3 Rd5 36. Rac3 Rd1 37. Kh2 Rdd4 38. Ra3 Rd5 39. Ra4
Rb5 40. Raxc4 Rxb2 41. Rxf4 Rxc2 42. Rg4+ Kh6 43. Rxh4+ Kg5 44. Ra4 Rc5 45. g3
Kf5 46. Kh3 Kxe5 47. Kg4 Kd5 48. Kg5 Kc6+ 49. Kf6 Rf5+ 50. Ke7 Rxf3 51. Rxa5
Rxg3 52. Kxf7 Re3 53. Ke7 Re1 54. Ra6+ Kd5 55. Rd6+ Kc5 56. Rxe6 Rxe6+ 57. Kxe6
Kb4 58. a3+ Kxa3 1/2-1/2

[Event "IV Open de Lisboa Xeque Mate ao Verão 20"]
[Site "Avenida Gomes Pereira 17 - Lis"]
[Date "2016.09.07"]
[Round "5.4"]
[White "Chifor, Ovidiu-Emanuel"]
[Black "Margarido, Jose Miguel Teixeir"]
[Result "1-0"]
[WhiteElo "2266"]
[BlackElo "2053"]
[PlyCount "87"]
[EventDate "2016.09.04"]

1. d4 Nf6 2. Bg5 e6 3. e4 h6 4. Bxf6 Qxf6 5. Nc3 Qd8 6. Qd2 d5 7. O-O-O Be7 8.
Nf3 dxe4 9. Nxe4 b6 10. Bb5+ c6 11. Bc4 Ba6 12. Bb3 Nd7 13. Ne5 Rc8 14. f4 O-O
15. Qe3 Qc7 16. Nxd7 Qxd7 17. c4 Rcd8 18. c5 Qc7 19. g3 Rd7 20. Rd2 Rfd8 21.
Rhd1 bxc5 22. Nxc5 Bxc5 23. dxc5 Kh8 24. Rxd7 Rxd7 25. Rxd7 Qxd7 26. Qd2 Qxd2+
27. Kxd2 Kg8 28. Kc3 Kf8 29. Ba4 Bb7 30. b4 Ke7 31. Kd4 Kd7 32. Bb3 Ba6 33. f5
exf5 34. Bxf7 Ke7 35. Bh5 Ke6 36. a4 Bf1 37. Bf3 Kd7 38. Ke5 Bd3 39. Bd1 Ke7
40. Bb3 g6 41. Bd1 Be4 42. h4 g5 43. hxg5 hxg5 44. g4 1-0

[Event "IV Open de Lisboa Xeque Mate ao Verão 20"]
[Site "Avenida Gomes Pereira 17 - Lis"]
[Date "2016.09.07"]
[Round "5.5"]
[White "Tieres, Cristiano R Silva Lo"]
[Black "Guimaraes, Rui Pinto"]
[Result "0-1"]
[WhiteElo "1860"]
[BlackElo "2094"]
[PlyCount "88"]
[EventDate "2016.09.04"]

1. d4 Nf6 2. c4 g6 3. Nc3 Bg7 4. e4 d6 5. h3 O-O 6. Nf3 e5 7. d5 Nbd7 8. Bg5 h6
9. Be3 Nc5 10. Nd2 b6 11. b4 Ncd7 12. Rc1 a5 13. a3 axb4 14. axb4 Ne8 15. g4
Nb8 16. c5 bxc5 17. bxc5 Kh7 18. Bd3 c6 19. Nc4 Rg8 20. Nb6 Ra5 21. Nc4 Ra8 22.
Bb1 dxc5 23. Bxc5 cxd5 24. Nxd5 Nc6 25. Ncb6 Rb8 26. Qf3 Be6 27. h4 Nf6 28. g5
Nh5 29. Rd1 Nd4 30. Bxd4 exd4 31. Nc4 Re8 32. Kf1 Rc8 33. Nd2 Qd7 34. Re1 Bxd5
35. exd5 Rxe1+ 36. Kxe1 Rc1+ 37. Ke2 Nf4+ 38. Qxf4 Rxh1 39. Be4 Rh3 40. Nf3 h5
41. d6 Kg8 42. Bd3 Qe6+ 43. Kf1 Rh1+ 44. Kg2 Qh3# 0-1

[Event "IV Open de Lisboa Xeque Mate ao Verão 20"]
[Site "Avenida Gomes Pereira 17 - Lis"]
[Date "2016.09.07"]
[Round "5.6"]
[White "Carneiro, Carlos Alberto Carva"]
[Black "Fortunato, Antonio Eduardo Con"]
[Result "1-0"]
[WhiteElo "2189"]
[BlackElo "1638"]
[PlyCount "91"]
[EventDate "2016.09.04"]

1. d4 g6 2. e4 Bg7 3. Be3 c5 4. c3 Nf6 5. Nd2 cxd4 6. cxd4 O-O 7. Be2 Nc6 8. d5
Nb8 9. Ngf3 d6 10. O-O Nbd7 11. h3 b6 12. Nd4 Nb8 13. Rc1 Bd7 14. Qc2 Qc8 15.
Qd3 Qb7 16. b4 a6 17. Qb3 Re8 18. Rc2 Ra7 19. Rfc1 Rc8 20. f3 Rxc2 21. Rxc2 Be8
22. Qc3 Qd7 23. Qc8 Qb7 24. Qxb7 Rxb7 25. Rc8 b5 26. Nc6 Nbd7 27. Nxe7+ Kf8 28.
Nc6 Nh5 29. Nb3 Nb6 30. Nba5 Nxc8 31. Nxb7 Bc3 32. Nxd6 Nxd6 33. Bc5 Bxc6 34.
Bxd6+ Ke8 35. dxc6 Bd4+ 36. Kf1 Kd8 37. Bd1 Ng7 38. Bb3 Ne6 39. Ke2 Bb6 40. Kd3
Bc7 41. Bxc7+ Kxc7 42. Bxe6 fxe6 43. Kd4 Kxc6 44. Ke5 Kd7 45. Kf6 Kd6 46. f4
1-0

[Event "IV Open de Lisboa Xeque Mate ao Verão 20"]
[Site "Avenida Gomes Pereira 17 - Lis"]
[Date "2016.09.07"]
[Round "5.8"]
[White "Santos, Amadeu Solha"]
[Black "Fernandes, Ricardo Paulos"]
[Result "1-0"]
[WhiteElo "1564"]
[BlackElo "1675"]
[PlyCount "63"]
[EventDate "2016.09.04"]

1. d4 c5 2. Nf3 cxd4 3. Nxd4 Nf6 4. Nc3 d6 5. Bg5 Nc6 6. Bxf6 exf6 7. e3 Bd7 8.
Bb5 a6 9. Ba4 Be7 10. Nd5 Qa5+ 11. Nc3 O-O 12. Bxc6 bxc6 13. Qf3 Rab8 14. Nb3
Qb6 15. O-O d5 16. Rad1 Be6 17. e4 d4 18. Nxd4 Qxb2 19. Nxc6 Rbe8 20. Nxe7+
Rxe7 21. Qd3 Rd7 22. Nd5 Bxd5 23. exd5 Qxa2 24. c4 Rc7 25. d6 Rd7 26. c5 Rc8
27. Rfe1 Qa4 28. Qd5 Kf8 29. Re7 Rxe7 30. dxe7+ Kxe7 31. Qd6+ Ke8 32. Re1+ 1-0

[Event "IV Open de Lisboa Xeque Mate ao Verão 20"]
[Site "Avenida Gomes Pereira 17 - Lis"]
[Date "2016.09.07"]
[Round "5.9"]
[White "Santos, Isabel Maria C Perei"]
[Black "Morais, Vitor Mestre"]
[Result "1/2-1/2"]
[WhiteElo "1599"]
[BlackElo "1889"]
[PlyCount "86"]
[EventDate "2016.09.04"]

1. d4 Nf6 2. c4 e5 3. dxe5 Ng4 4. Nf3 Bc5 5. e3 Nc6 6. Nc3 O-O 7. Be2 Re8 8.
O-O Ngxe5 9. b3 a5 10. Bb2 d6 11. Qc2 Nxf3+ 12. Bxf3 Ne5 13. Be4 g6 14. Rfd1 c6
15. Na4 Qe7 16. Nxc5 dxc5 17. Qc3 f6 18. Bc2 b6 19. Rd2 Ra7 20. a3 Rd7 21. Rad1
Red8 22. f4 Rxd2 23. Rxd2 Rxd2 24. Qxd2 Nd7 25. e4 Kf7 26. Kf2 Nf8 27. Kf3 Ne6
28. e5 f5 29. Qf2 Qd8 30. g4 Nd4+ 31. Bxd4 Qxd4 32. Qxd4 cxd4 33. Bd3 c5 34.
Kg3 h6 35. Kh4 Kg7 36. Kg3 Kf7 37. Kh4 Kg7 38. Kg3 h5 39. g5 Bb7 40. h4 Kf7 41.
Kf2 Be4 42. Ke2 Ke6 43. Kd2 Kd7 1/2-1/2

[Event "IV Open de Lisboa Xeque Mate ao Verão 20"]
[Site "Avenida Gomes Pereira 17 - Lis"]
[Date "2016.09.07"]
[Round "5.11"]
[White "Aguiar, Carlos Alberto Branc"]
[Black "Bartolo, Filipe Diogo Correia"]
[Result "1-0"]
[WhiteElo "1829"]
[BlackElo "1342"]
[PlyCount "53"]
[EventDate "2016.09.04"]

1. d4 d5 2. g3 Nf6 3. Bg2 e6 4. c4 b6 5. Nc3 Bb7 6. cxd5 Nxd5 7. Nxd5 Bxd5 8.
Nf3 Nc6 9. O-O Bxf3 10. Bxf3 Qd6 11. Qa4 Kd7 12. Bf4 b5 13. Qxb5 Rb8 14. Bxc6+
Qxc6 15. Qxb8 e5 16. Rac1 Qb6 17. Qxb6 axb6 18. Bxe5 c6 19. Rfd1 f6 20. Bf4 g5
21. Bd2 Be7 22. Bc3 Rd8 23. e4 Ke8 24. d5 cxd5 25. e5 f5 26. e6 Bf8 27. Rxd5
1-0

[Event "IV Open de Lisboa Xeque Mate ao Verão 20"]
[Site "Avenida Gomes Pereira 17 - Lis"]
[Date "2016.09.07"]
[Round "5.12"]
[White "Rocha, Paulo Alexandre Oliv"]
[Black "Alves, Luis Miguel Guerreir"]
[Result "1/2-1/2"]
[WhiteElo "1377"]
[BlackElo "1691"]
[PlyCount "135"]
[EventDate "2016.09.04"]

1. d4 Nf6 2. e3 g6 3. f4 c5 4. c3 Qc7 5. Nf3 Bg7 6. Bd3 O-O 7. O-O d6 8. Nbd2
a6 9. Qe1 b5 10. Qh4 h6 11. h3 Bb7 12. Nh2 Nbd7 13. Ng4 h5 14. Nxf6+ Nxf6 15.
f5 c4 16. Be2 Nh7 17. fxg6 fxg6 18. Nf3 Bf6 19. Qg3 Kf7 20. Ng5+ Nxg5 21. Qxg5
Kg7 22. Qg3 Kh7 23. Bd2 Be4 24. Rf4 d5 25. Qh2 e5 26. Rf2 Qg7 27. Raf1 Rae8 28.
Bf3 Bxf3 29. Rxf3 e4 30. Rf4 Be7 31. Rxf8 Bxf8 32. Qf4 Be7 33. Qc7 Rf8 34. Rxf8
Qxf8 35. Qd6 Bh4 36. Qc7+ Kh6 37. g3 Bd8 38. Qf4+ Qxf4 39. gxf4 Bh4 40. Kg2 g5
41. fxg5+ Kxg5 42. Kh2 Kf5 43. Kg2 a5 44. a3 Be7 45. Kg3 Bd6+ 46. Kg2 Kg5 47.
Be1 Kf5 48. Kf1 Ke6 49. Ke2 Kd7 50. Kd2 Kc6 51. Kc2 Bh2 52. Kd1 Bg1 53. Ke2 Bh2
54. Bf2 Bd6 55. Kd2 Be7 56. Kc2 Bd6 57. Kc1 b4 58. a4 b3 59. Kd2 Kd7 60. Kd1
Ke6 61. Kd2 Kf5 62. Ke2 Kg5 63. Kd1 h4 64. Kd2 Bh2 65. Kd1 Bg3 66. Ke2 Bd6 67.
Kd2 Kh5 68. Kd1 1/2-1/2

[Event "IV Open de Lisboa Xeque Mate ao Verão 20"]
[Site "Avenida Gomes Pereira 17 - Lis"]
[Date "2016.09.07"]
[Round "5.13"]
[White "Azevedo, Manuel Roque"]
[Black "Soares, Manuel A A L Brandao"]
[Result "1-0"]
[WhiteElo "1621"]
[BlackElo "1198"]
[PlyCount "69"]
[EventDate "2016.09.04"]

1. d4 d5 2. Nf3 Nf6 3. c4 c6 4. e3 e6 5. Nc3 Bd6 6. Bd3 O-O 7. O-O Nbd7 8. Bd2
e5 9. dxe5 Nxe5 10. Nxe5 Bxe5 11. f4 Bc7 12. cxd5 Nxd5 13. Nxd5 Qxd5 14. Bc3
Qd7 15. Qc2 g6 16. Kh1 Re8 17. e4 Qg4 18. e5 Bf5 19. Bxf5 Qxf5 20. Qxf5 gxf5
21. Rad1 Rad8 22. g3 c5 23. Kg2 Kg7 24. Rfe1 Kg6 25. Kf3 Kh5 26. h3 Rg8 27.
Rxd8 Bxd8 28. Rd1 Bb6 29. Rd7 Kg6 30. Rxb7 Rc8 31. Rd7 Rc7 32. Rd6+ Kh5 33. g4+
fxg4+ 34. hxg4+ Kh4 35. Rh6# 1-0

[Event "IV Open de Lisboa Xeque Mate ao Verão 20"]
[Site "Avenida Gomes Pereira 17 - Lis"]
[Date "2016.09.07"]
[Round "5.15"]
[White "Antunes, Ana Maissa"]
[Black "Guia, Artur Solovyov Eloy "]
[Result "0-1"]
[WhiteElo "1099"]
[BlackElo "1332"]
[PlyCount "112"]
[EventDate "2016.09.04"]

1. e4 e5 2. Nf3 Nc6 3. Nc3 Nf6 4. Bc4 Nxe4 5. Nxe4 d5 6. Bd3 dxe4 7. Bxe4 Bd6
8. Bxc6+ bxc6 9. d3 O-O 10. h3 f6 11. O-O Be6 12. Nd2 Qd7 13. Qf3 Bd5 14. Qe3
f5 15. Nc4 f4 16. Nxe5 Bxe5 17. Qxe5 f3 18. g4 Rae8 19. Qg3 Re2 20. c4 Be6 21.
Rd1 Bxc4 22. d4 Rfe8 23. Be3 R8xe3 24. fxe3 Rg2+ 25. Qxg2 fxg2 26. Kxg2 Qe6 27.
Kf3 Bd5+ 28. Kf2 Qf6+ 29. Ke1 Bc4 30. Kd2 Qf2+ 31. Kc3 Bb5 32. Re1 Qf7 33. b3
Qg6 34. Rad1 Qg5 35. e4 Qf4 36. Kb2 Qh2+ 37. Kb1 Qxh3 38. Rg1 Bd3+ 39. Kb2 Kf8
40. Rxd3 Qh2+ 41. Rd2 Qxg1 42. e5 Qxg4 43. Kc3 h5 44. d5 cxd5 45. Rxd5 Qf3+ 46.
Kc4 Qxd5+ 47. Kxd5 Kf7 48. e6+ Ke7 49. Ke5 h4 50. Kf4 g5+ 51. Kg4 Kxe6 52. a4
Kd5 53. Kh3 Kc5 54. a5 Kb4 55. a6 Kxb3 56. Kg4 c5 0-1

[Event "IV Open de Lisboa Xeque Mate ao Verão 20"]
[Site "Avenida Gomes Pereira 17 - Lis"]
[Date "2016.09.07"]
[Round "5.17"]
[White "Pitta, Afonso Gameiro Tosto"]
[Black "Lages, Duarte Jorge Silva"]
[Result "1-0"]
[WhiteElo "1047"]
[BlackElo "1609"]
[PlyCount "49"]
[EventDate "2016.09.04"]

1. e4 Nf6 2. Nc3 d5 3. e5 Ne4 4. Nxe4 dxe4 5. Bc4 Qd4 6. d3 exd3 7. Bxd3 Qxe5+
8. Be3 Qxb2 9. Nf3 e6 10. O-O Qf6 11. Bg5 Qc3 12. Re1 Nc6 13. Be4 Bd6 14. Re3
Qc5 15. Qd2 h6 16. Bh4 Bf4 17. Rc3 Qa5 18. Qe1 Be5 19. Nxe5 Nxe5 20. Bg3 Nc6
21. Bxc6+ bxc6 22. Rxc6 Bb7 23. Qxa5 Bxc6 24. Qxc7 Bd5 25. Bd6 1-0

[Event "IV Open de Lisboa Xeque Mate ao Verão 20"]
[Site "Avenida Gomes Pereira 17 - Lis"]
[Date "2016.09.08"]
[Round "6.1"]
[White "Dias, Ricardo Pedro Cruz"]
[Black "Santos, Antonio Pereira"]
[Result "1-0"]
[WhiteElo "2069"]
[BlackElo "2241"]
[PlyCount "55"]
[EventDate "2016.09.04"]

1. e4 c5 2. Nf3 d6 3. d4 cxd4 4. Nxd4 Nf6 5. Nc3 e6 6. g4 h6 7. h4 Nc6 8. Rg1
Nd7 9. g5 Nxd4 10. Qxd4 Ne5 11. Be2 Nc6 12. Qd3 a6 13. Be3 hxg5 14. hxg5 g6 15.
O-O-O Bd7 16. f4 Qa5 17. Rh1 Nb4 18. Qd4 Rg8 19. Rh7 Nxa2+ 20. Nxa2 Qxa2 21.
Qf6 e5 22. fxe5 Rc8 23. exd6 Be6 24. Qxf7+ Bxf7 25. d7+ Ke7 26. dxc8=Q Qa1+ 27.
Kd2 Qa5+ 28. c3 1-0

[Event "IV Open de Lisboa Xeque Mate ao Verão 20"]
[Site "Avenida Gomes Pereira 17 - Lis"]
[Date "2016.09.08"]
[Round "6.2"]
[White "Guimaraes, Rui Pinto"]
[Black "Chifor, Ovidiu-Emanuel"]
[Result "1/2-1/2"]
[WhiteElo "2094"]
[BlackElo "2266"]
[PlyCount "122"]
[EventDate "2016.09.04"]

1. f4 d5 2. Nf3 Nf6 3. e3 g6 4. c4 c6 5. Nc3 Bg7 6. cxd5 cxd5 7. Bb5+ Bd7 8.
Qb3 Bxb5 9. Qxb5+ Qd7 10. Ne5 Qxb5 11. Nxb5 Na6 12. b3 Ne4 13. Ba3 f6 14. Nf3
Kd7 15. Rc1 b6 16. Ke2 Nac5 17. d3 Nd6 18. Nxd6 exd6 19. g4 f5 20. gxf5 gxf5
21. Nh4 Ke6 22. b4 Na6 23. Rc6 Bf6 24. Nf3 Rac8 25. Rhc1 Rxc6 26. Rxc6 Kd7 27.
b5 Be7 28. Nd4 Nc7 29. Nxf5 Nxb5 30. Nxe7 Nxa3 31. Rc3 Nb5 32. Rb3 Nd4+ 33.
exd4 Kxe7 34. Rc3 Kd7 35. Kf3 Rf8 36. Rc2 b5 37. Rg2 Rf7 38. Rg8 Kc6 39. Kg4 b4
40. f5 a5 41. Ra8 Kb5 42. Kg5 Rb7 43. f6 a4 44. Re8 b3 45. axb3 axb3 46. Re7
Kc6 47. f7 b2 48. f8=Q Rxe7 49. Qxe7 b1=Q 50. Qe8+ Kc7 51. Qf7+ Kc6 52. Qxh7
Qg1+ 53. Kf6 Qxd4+ 54. Kg5 Qg1+ 55. Kf6 Qd4+ 56. Kg5 Qe5+ 57. Kg4 Qe2+ 58. Kg3
Qe3+ 59. Kg4 Qe2+ 60. Kg3 Qe3+ 61. Kg4 Qe2+ 1/2-1/2

[Event "IV Open de Lisboa Xeque Mate ao Verão 20"]
[Site "Avenida Gomes Pereira 17 - Lis"]
[Date "2016.09.08"]
[Round "6.3"]
[White "Padeiro, Jose Joao Tato"]
[Black "Santos, Amadeu Solha"]
[Result "1-0"]
[WhiteElo "2312"]
[BlackElo "1564"]
[PlyCount "41"]
[EventDate "2016.09.04"]

1. d4 d5 2. c4 c6 3. Nf3 Bf5 4. cxd5 cxd5 5. Qb3 Qb6 6. Qxb6 axb6 7. Nc3 e6 8.
Bf4 Bb4 9. e3 Nf6 10. Bb5+ Nc6 11. Ne5 Rc8 12. O-O Bxc3 13. bxc3 O-O 14. Rfc1
Rfd8 15. f3 Nh5 16. g4 Nxe5 17. Bxe5 f6 18. gxf5 fxe5 19. fxe6 Nf6 20. e7 Rd6
21. dxe5 1-0

[Event "IV Open de Lisboa Xeque Mate ao Verão 20"]
[Site "Avenida Gomes Pereira 17 - Lis"]
[Date "2016.09.08"]
[Round "6.4"]
[White "Vlad-Ionut, Stegariu"]
[Black "Fernandes, Tiago Saraiva"]
[Result "1-0"]
[WhiteElo "2243"]
[BlackElo "1929"]
[PlyCount "107"]
[EventDate "2016.09.04"]

1. c4 e5 2. Nc3 Nf6 3. g3 d5 4. cxd5 Nxd5 5. Bg2 Nb6 6. Nf3 Nc6 7. O-O Be7 8.
d3 O-O 9. a3 Re8 10. b4 Bf8 11. Bb2 a5 12. b5 Nd4 13. Rc1 Bd7 14. Nxd4 exd4 15.
Nd5 Nxd5 16. Bxd5 Bxb5 17. Bxf7+ Kxf7 18. Qb3+ Re6 19. Qxb5 b6 20. Qf5+ Rf6 21.
Rxc7+ Qxc7 22. Qd5+ Re6 23. Qxa8 Bc5 24. Rc1 Qd6 25. a4 h6 26. Rc4 Re7 27. Kf1
Rd7 28. Qf3+ Kg8 29. Qg4 Qd5 30. Kg1 Qd6 31. Bc1 Re7 32. Bd2 Re8 33. Bf4 Qf6
34. Qh5 Re7 35. Qd5+ Kh7 36. Kf1 Qg6 37. h3 Qf6 38. Bd2 Re5 39. Qg2 Qe7 40. Qf3
Kh8 41. Qg4 Kh7 42. Bc1 h5 43. Qf3 Qd7 44. Kg2 g6 45. Bf4 Re6 46. g4 hxg4 47.
hxg4 Kg8 48. Bg5 Qe8 49. Bf6 Qd7 50. g5 Qd6 51. Rc1 Qc6 52. Qxc6 Rxc6 53. Bxd4
Kf7 54. Bxc5 1-0

[Event "IV Open de Lisboa Xeque Mate ao Verão 20"]
[Site "Avenida Gomes Pereira 17 - Lis"]
[Date "2016.09.08"]
[Round "6.5"]
[White "Pires, Emanuel Joao Robarts"]
[Black "Carneiro, Carlos Alberto Carva"]
[Result "1-0"]
[WhiteElo "2081"]
[BlackElo "2189"]
[PlyCount "111"]
[EventDate "2016.09.04"]

1. e4 c5 2. d4 cxd4 3. c3 g6 4. cxd4 d5 5. Nc3 dxe4 6. Bc4 Bg7 7. Qb3 e6 8. d5
Ne7 9. dxe6 Bxe6 10. Bxe6 fxe6 11. Qxe6 Bxc3+ 12. bxc3 Qd5 13. Qxd5 Nxd5 14.
Ne2 O-O 15. O-O Nc6 16. Rd1 Nb6 17. Ng3 Rfe8 18. Bg5 Re6 19. Rab1 Na5 20. Rd4
Rc8 21. Rxe4 Rec6 22. Re5 Nac4 23. Re7 R6c7 24. Rbe1 Nd5 25. Rxc7 Rxc7 26. Ne4
Kf7 27. Rd1 Ke6 28. Bh4 h6 29. Bg3 Rc8 30. f3 b5 31. Re1 Kf7 32. Bf2 a6 33. Rd1
Rd8 34. h4 Ne5 35. Bg3 Nc6 36. Nd6+ Ke6 37. Nb7 a5 38. Nxd8+ Nxd8 39. Re1+ Kd7
40. Be5 Nc6 41. Bg7 h5 42. Rd1 Ke6 43. a3 Nce7 44. Rb1 Nc7 45. Re1+ Kd7 46. g4
Ne6 47. Be5 Nd5 48. gxh5 gxh5 49. Rb1 Kc6 50. Kf2 Ne7 51. Rg1 Nf5 52. Rg6 Kd5
53. Bg3 a4 54. Rf6 Neg7 55. Rf7 Ke6 56. Rb7 1-0

[Event "IV Open de Lisboa Xeque Mate ao Verão 20"]
[Site "Avenida Gomes Pereira 17 - Lis"]
[Date "2016.09.08"]
[Round "6.6"]
[White "Aguiar, Carlos Alberto Branc"]
[Black "Acsinte, Matei-Ionut"]
[Result "0-1"]
[WhiteElo "1829"]
[BlackElo "2331"]
[PlyCount "54"]
[EventDate "2016.09.04"]

1. e4 c5 2. Nf3 d6 3. d4 cxd4 4. Nxd4 Nf6 5. Nc3 a6 6. Bc4 e6 7. Bb3 b5 8. a3
Qc7 9. O-O Nc6 10. Be3 Be7 11. f4 Nxd4 12. Bxd4 Bb7 13. Qe2 e5 14. fxe5 dxe5
15. Bf2 O-O 16. Rad1 Rad8 17. Nd5 Bxd5 18. Bxd5 Nxd5 19. Rxd5 Rxd5 20. exd5 Bd6
21. Rc1 Rd8 22. a4 Qa5 23. axb5 axb5 24. Bg3 b4 25. Qe4 g6 26. c4 bxc3 27. Be1
Qb6+ 0-1

[Event "IV Open de Lisboa Xeque Mate ao Verão 20"]
[Site "Avenida Gomes Pereira 17 - Lis"]
[Date "2016.09.08"]
[Round "6.8"]
[White "Antunes, Ricardo Miguel Maiss"]
[Black "Tieres, Cristiano R Silva Lo"]
[Result "0-1"]
[WhiteElo "1580"]
[BlackElo "1860"]
[PlyCount "66"]
[EventDate "2016.09.04"]

1. e4 c5 2. Nf3 d6 3. d4 cxd4 4. Nxd4 Nf6 5. Nc3 g6 6. Bc4 Bg7 7. f3 O-O 8. Bb3
Nc6 9. Be3 Bd7 10. Qd2 Rc8 11. h4 h5 12. O-O-O Ne5 13. Nd5 Nxd5 14. Bxd5 b5 15.
Bh6 a5 16. Bxg7 Kxg7 17. g4 e6 18. gxh5 exd5 19. hxg6 fxg6 20. h5 Rh8 21. f4
Nc4 22. Qg2 Qf6 23. f5 Ne3 24. h6+ Kg8 25. Qh3 Nxd1 26. h7+ Kf7 27. Rxd1 Qg5+
28. Kb1 gxf5 29. Rf1 Ke7 30. exd5 Rc5 31. Re1+ Kf7 32. Re2 Re8 33. Rxe8 Qg1+
0-1